Money into property Global 2013 (Record no. 84456)

MARC details
000 -LEADER
fixed length control field 01247cad a22002175a 4500
001 - CONTROL NUMBER
control field L157773
008 - FIXED-LENGTH DATA ELEMENTS--GENERAL INFORMATION
fixed length control field 130510s201 xxk 000 0 eng d
035 ## - SYSTEM CONTROL NUMBER
System control number (Sirsi) u157773
041 0# - LANGUAGE CODE
Language code of text/sound track or separate title eng
110 2# - MAIN ENTRY--CORPORATE NAME
Corporate name or jurisdiction name as entry element DTZ
245 00 - TITLE STATEMENT
Title Money into property Global 2013
Remainder of title Liquidity becomes next differentiator
Medium [electronic resource]
260 ## - PUBLICATION, DISTRIBUTION, ETC.
Place of publication, distribution, etc. London
Name of publisher, distributor, etc. DTZ
Date of publication, distribution, etc. 2013
490 #0 - SERIES STATEMENT
Series statement DTZ Money into Property Global
Volume/sequential designation 2013
520 ## - SUMMARY, ETC.
Summary, etc. Provides a detailed review of year end 2012 investment stock and transaction volumes, an outlook for 2013 and beyond, and an assessment of opportunities in real estate markets worldwide. Global invested stock grew by 1% in 2012. Market sentiment is mixed with investors more optimistic than lenders. Global investment transactions increased by 4% in 2012 with cross-border investment activity back to 2005 levels. Market liquidity remains volatile. DTZ's fair value analysis suggests that the majority of the markets covered offer attractive returns for investors.
590 ## - LOCAL NOTE (RLIN)
Local note KA
651 #4 - SUBJECT ADDED ENTRY--GEOGRAPHIC NAME
Geographic name International
690 ## - LOCAL SUBJECT ADDED ENTRY--TOPICAL TERM (OCLC, RLIN)
Topical term or geographic name as entry element Commercial property
9 (RLIN) 6227
690 ## - LOCAL SUBJECT ADDED ENTRY--TOPICAL TERM (OCLC, RLIN)
Topical term or geographic name as entry element Investments
9 (RLIN) 6250
856 40 - ELECTRONIC LOCATION AND ACCESS
Uniform Resource Identifier <a href="https://www.dtz.com/Global/Research?vgnLocale=en_GB">https://www.dtz.com/Global/Research?vgnLocale=en_GB</a>
Public note View the report after free registration at www.dtz.com
942 ## - ADDED ENTRY ELEMENTS (KOHA)
Suppress in OPAC 0
Holdings
Withdrawn status Lost status Source of classification or shelving scheme Damaged status Not for loan Home library Current library Shelving location Date acquired Total Checkouts Full call number Barcode Date last seen Copy number Price effective from Koha item type
    Dewey Decimal Classification     Virtual Virtual Online 10/05/2013   ONLINE PUBLICATION 157773-2001 06/08/2019 1 06/08/2019 Book